000
00255 a2200109 4500
001
61685
082
_a
391.09 BAR
090
_c
37121
_d
37121
100
_a
Barfoot
245
_a
Discovering costume
260
_a
England
_b
University of london press
_c
1961
942
_a
NUST-CAE
_k
391.09 BAR
999
_c
296758
_d
296758